000
00334 a2200157 4500
001
173027
020
_a
040
_c
Magnum
100
_a
Prado, Lucilia Junqueira de Almeida
240
1
0
_a
Para os verdes anos
_l
por
245
1
0
_a
Para os verdes anos
362
0
_a
1899
440
1
_a
Global
697
_a
IJ/GERAL
942
_c
BK
999
_c
173027
_d
173027